000 00561nmm a22001817a 4500
003 OSt
005 20240517111946.0
006 eBook
008 240517b |||||||| |||| 00| 0 eng d
040 _cMRSPTU
100 _aStuart J. Russell
245 _aArtificial Intelligence: A Modern Approach
250 _a3rd
260 _aNew Delhi
_bPearson
_c2009
600 _2Computer Science
856 _3Click here to access the e-book
_uhttps://ebookcentral.proquest.com/lib/gzsptuc/detail.action?docID=5126947&query=Artificial+Intelligence
942 _2ddc
_cEB
_n1
999 _c10316
_d10316